Constitutional documents of the reign of James I, A.D. 1603-1625: (Record no. 24659)
[ view plain ]
| 000 -LEADER | |
|---|---|
| fixed length control field | 00986nam a2200265 a 4500 |
| 001 - CONTROL NUMBER | |
| control field | 24659 |
| 003 - CONTROL NUMBER IDENTIFIER | |
| rucl marc code | BD-RjUL |
| 005 - DATE AND TIME OF LATEST TRANSACTION | |
| control field | 20211209001059.0 |
| 008 - FIXED-LENGTH DATA ELEMENTS--GENERAL INFORMATION | |
| fixed length control field | 140426r19301961 b 001 0 eng d |
| 035 ## - SYSTEM CONTROL NUMBER | |
| System control number | (BD-RjUL)24728 |
| 040 ## - CATALOGING SOURCE | |
| Original cataloging agency | VCAV |
| Language of cataloging | eng |
| Transcribing agency | VCAV |
| Modifying agency | XNTU |
| -- | BD-RjUL |
| 041 ## - LANGUAGE CODE | |
| Language code of text/sound track or separate title | eng |
| 082 04 - DEWEY DECIMAL CLASSIFICATION NUMBER | |
| Classification number | 342.4209 |
| Author mark and year | TAC |
| 100 1# - MAIN ENTRY--PERSONAL NAME | |
| Personal name | Tanner, J. R. |
| Fuller form of name | (Joseph Robson), |
| 9 (RLIN) | 98290 |
| 245 10 - TITLE STATEMENT | |
| Title | Constitutional documents of the reign of James I, A.D. 1603-1625: |
| Remainder of title | with an historical commentary / |
| Statement of responsibility, etc. | by J. R. Tanner. |
| 260 ## - PUBLICATION, DISTRIBUTION, ETC. (IMPRINT) | |
| Place of publication, distribution, etc. | Cambridge [Eng.] : |
| Name of publisher, distributor, etc. | The University press, |
| Date of publication, distribution, etc. | c.1930 [Reprinted 1960, 1961} |
| 300 ## - PHYSICAL DESCRIPTION | |
| Pagination | xv, 389 p ; |
| Size | 24 cm. |
| 500 ## - GENERAL NOTE | |
| General note | "Cover Page of the Paperback book : Student Edition" |
| General note | "List of books": p. [xiii]-xv. |
| 504 ## - BIBLIOGRAPHY, ETC. NOTE | |
| Bibliography, etc | Include sbibliographical references and index. |
| 650 #0 - SUBJECT ADDED ENTRY--TOPICAL TERM | |
| Topical term or geographic name as entry element | Constitutional history |
| Geographic subdivision | Great Britain. |
| 9 (RLIN) | 98288 |
| 651 #0 - SUBJECT ADDED ENTRY--GEOGRAPHIC NAME | |
| Geographic name | Great Britain |
| General subdivision | History |
| -- | James I, 1603-1625 |
| -- | Sources. |
| 9 (RLIN) | 98289 |
| 942 ## - ADDED ENTRY ELEMENTS (KOHA) | |
| Source of classification or shelving scheme | Dewey Decimal Classification |
| Koha item type | Books |
| Lost status | Source of classification or shelving scheme | Damaged status | Not for loan | Collection code | Permanent Location | Current Location | Shelving location | Date acquired | Source of acquisition | Cost, normal purchase price | Total Checkouts | Full call number | Date last seen | Copy number | Koha item type |
|---|---|---|---|---|---|---|---|---|---|---|---|---|---|---|---|
| Dewey Decimal Classification | Not For Loan | Non-fiction | Central Library, University of Rajshahi | Central Library, University of Rajshahi | Reading Room | 04/02/1963 | Zeittlinger | 32.60 | 342.4209 TAC 1961 | 26/04/2014 | C-1 | Books | |||
| Dewey Decimal Classification | Non-fiction | Central Library, University of Rajshahi | Central Library, University of Rajshahi | 27/01/1967 | Zeittlinger | 20.00 | 342.4209 TAC 1961 | 26/04/2014 | C-2 | Books | |||||
| Dewey Decimal Classification | Non-fiction | Central Library, University of Rajshahi | Central Library, University of Rajshahi | 13/12/1962 | Zeittlinger | 32.60 | 342.4209 TAC 1961 | 26/04/2014 | C-3 | Books | |||||
| Dewey Decimal Classification | Non-fiction | Central Library, University of Rajshahi | Central Library, University of Rajshahi | 12/12/1962 | Zeittlinger | 20.00 | 342.4209 TAC 1961 | 26/04/2014 | C-4 | Books | |||||
| Dewey Decimal Classification | Non-fiction | Central Library, University of Rajshahi | Central Library, University of Rajshahi | 12/12/1962 | Zeittlinger | 20.00 | 342.4209 TAC 1961 | 26/04/2014 | C-5 | Books | |||||
| Dewey Decimal Classification | Non-fiction | Central Library, University of Rajshahi | Central Library, University of Rajshahi | 12/12/1962 | Zeittlinger | 20.00 | 342.4209 TAC 1960 | 26/04/2014 | C-6 | Books | |||||
| Dewey Decimal Classification | Non-fiction | Central Library, University of Rajshahi | Central Library, University of Rajshahi | 12/12/1962 | Zeittlinger | 20.00 | 342.4209 TAC 1961 | 26/04/2014 | C-7 | Books | |||||
| Dewey Decimal Classification | Non-fiction | Central Library, University of Rajshahi | Central Library, University of Rajshahi | 20/04/1965 | Swets & Zeittlinger | 342.4209 TAC 1961 | 26/04/2014 | C-8 | Books | ||||||
| Dewey Decimal Classification | Non-fiction | Central Library, University of Rajshahi | Central Library, University of Rajshahi | 04/02/1963 | Zeittlinger | 32.60 | 342.4209 TAC 1960 | 26/04/2014 | C-9 | Books | |||||
| Dewey Decimal Classification | Non-fiction | Central Library, University of Rajshahi | Central Library, University of Rajshahi | 04/02/1963 | Zeittlinger | 32.60 | 342.4209 TAC 1960 | 26/04/2014 | C-10 | Books |